header

The first day at Gettysburg (Record no. 183173)

MARC details
000 -LEADER
fixed length control field 01501nam a2200349Ia 4500
082 04 - DEWEY DECIMAL CLASSIFICATION NUMBER
Classification number 973.7/349
100 1# - MAIN ENTRY--AUTHOR NAME
Personal name Hassler, Warren W.
245 14 - TITLE STATEMENT
Title The first day at Gettysburg
260 ## - PUBLICATION, DISTRIBUTION, ETC. (IMPRINT)
Place of publication Tuscaloosa, Ala. :
Name of publisher University of Alabama Press,
Year of publication [2010], c1970.
300 ## - PHYSICAL DESCRIPTION
Number of Pages 214 p. :
Other physical details ill., maps.
500 ## - GENERAL NOTE
General note Originally published: Tuscaloosa : University of Alabama Press, 1970, under title Crisis at the crossroads : the first day at Gettybsurg.
650 #0 - SUBJECT ADDED ENTRY--TOPICAL TERM
Topical Term Gettysburg, Battle of, Gettysburg, Pa., 1863.
856 40 - ELECTRONIC LOCATION AND ACCESS
Uniform Resource Identifier http://site.ebrary.com/lib/rucke/Doc?id=10408840

No items available.

© 2026 Rongo University
Contact us: librarian | system librarian | Rongo university